Statistics for Counties of Kenya (Map Quiz)

Click here to take the quiz!

General Stats

  • This quiz has been taken 54 times
  • The average score is 19 of 46

Answers on the Map

Answers color-coded by a green-red scale on the quiz's map according to % correct below.
 

Answer Stats

Answer% Correct
Kwale
69%
Kajiado
59%
Machakos
59%
Nairobi
59%
Kiambu
56%
Mandera
56%
Tana River
56%
Turkana
56%
Kilifi
53%
Kitui
53%
Taita-Taveta
53%
Wajir
53%
Lamu
50%
Makueni
50%
Marsabit
50%
Mombasa
50%
Embu
47%
Garissa
47%
Narok
47%
Bomet
44%
Busia
44%
Homabay
44%
Isiolo
44%
Elgeyo-Marakwet
41%
Meru
41%
Migori
41%
Kirinyaga
38%
Samburu
38%
West Pokot
38%
Kisumu
34%
Lakipia
34%
Nyeru
34%
Siaya
34%
Tharaka-Nithi
34%
Trans-Nzoia
34%
Uasin Gishu
34%
Nakuru
31%
Nyandarua
31%
Vihiga
31%
Baringo
28%
Kakamega
28%
Nyamira
28%
Bungoma
25%
Kericho
25%
Nandi
25%
Kisii
16%

Score Distribution

Percentile by Number Answered

Percent of People with Each Score

Your Score History

You have not taken this quiz